La sinfonia pastorale /

Salvato in:
Dettagli Bibliografici
Autore principale: Gide, André (Autore)
Altri autori: Castellani, Emilio
Natura: Libro
Lingua:italiano
Pubblicazione: Torino : Frassinelli, 1951
Serie:Collana di opere brevi ; 8
Tags: Aggiungi Tag
Nessun Tag, puoi essere il primo ad aggiungerne!!

MARC

LEADER 00000nam a22000007i 4500
001 IT\ICCU\CSA\0040873
003 ItRI
005 20250805130503.0
008 950208s1951 it |||||| ||||| |||||c
040 |b ita  |c Arcigay Viterbo 
041 7 |a ita  |2 ISO-639-2 
100 1 |a Gide, André  |0 IT\ICCU\CFIV\013440  |4 aut 
240 1 3 |a La symphonie pastorale  |9 Gide, André 
245 1 3 |a La sinfonia pastorale /  |c Andre Gide ; traduzione di Emilio Castellani. 
260 |a Torino :  |b Frassinelli,  |c 1951 
300 |a 135 p. ;  |c 17 cm 
700 1 |a Castellani, Emilio  |0 IT\ICCU\CFIV\078323 
830 0 |a Collana di opere brevi ;  |v 8  |0 IT\ICCU\RAV\0043558 
942 |2 ddc  |c BK  |n 0 
952 |0 0  |1 0  |2 ddc  |4 0  |6 843_912000000000000_GID_SIN  |7 1  |9 9445  |a VT  |b VT  |d 2025-08-05  |e Acq. Arcigay Viterbo su donazione di Banca Lazio Nord  |i B226  |l 0  |o 843.912 GID SIN  |p B226  |r 2025-08-05 13:09:55  |w 2025-08-05  |y BK  |z Acq. Arcigay Viterbo su donazione di Banca Lazio Nord 
981 1 |6 z01  |a i   |b xxxe  
982 1 |6 z01  |a n 
999 |c 7882  |d 7882